La Iglesia en la Edad Moderna y en la actualidad / (Record no. 111802)

MARC details
000 -LEADER
campo de control de longitud fija 00492nam a2200157 4500
001 - NÚMERO DE CONTROL
campo de control 111802
003 - IDENTIFICADOR DE NÚMERO DE CONTROL
campo de control ES-MaACL
007 - CAMPO FIJO DE DESCRIPCIÓN FÍSICA--INFORMACIÓN GENERAL
campo de control de longitud fija t|
008 - DATOS DE LONGITUD FIJA--INFORMACIÓN GENERAL
campo de control de longitud fija 061121s1962 sp r ||||1| spa d
100 1# - ENTRADA PRINCIPAL--NOMBRE DE PERSONA
Nombre de persona Neuss, Wilhelm.
9 (RLIN) 85459
245 13 - MENCIÓN DEL TÍTULO
Título La Iglesia en la Edad Moderna y en la actualidad /
Mención de responsabilidad, etc. Wilhelm Neuss; [traducción de Lucio García Ortega].
260 ## - PUBLICACIÓN, DISTRIBUCIÓN, ETC.
Lugar de publicación, distribución, etc. Madrid :
Nombre del editor, distribuidor, etc. Rialp,
Fecha de publicación, distribución, etc. 1962.
300 ## - DESCRIPCIÓN FÍSICA
Extensión 695 p. ;
Dimensiones 25 cm.
700 1# - ENTRADA AGREGADA--NOMBRE PERSONAL
Nombre de persona García Ortega, Lucio.
9 (RLIN) 55061
852 ## - LOCALIZACIÓN
Ubicación ES-MaACL
Número de control de estantería E-4150
Sublocalización o colección R.50706
Holdings
Estatus retirado Estado de pérdida Estado de daño No para préstamo Biblioteca de origen Biblioteca actual Ubicación en estantería Fecha de adquisición Fuente de adquisición Total de préstamos Signatura topográfica completa Código de barras Visto por última vez Precio de reemplazo Tipo de ítem Koha
        Biblioteca del Ateneo de Madrid Biblioteca del Ateneo de Madrid Depósito 2 17/01/2008     E-4150 1116626 23/02/2023 23/02/2023 Libro impreso